|
|
|
|
| LEADER |
01031nam a2200277 a 4500 |
| 001 |
10657 |
| 003 |
BD-DhAAL |
| 005 |
20141222114320.0 |
| 008 |
141222s1996 bg#abcdj e 001 0 eng d |
| 020 |
|
|
|a 9840904051
|
| 040 |
|
|
|a BD-DhAAL
|c BD-DhAAL
|
| 050 |
0 |
0 |
|a AG5
|b .N33 2009
|
| 082 |
0 |
4 |
|a 030
|2 22
|
| 999 |
|
|
|c 33334
|d 33334
|
| 999 |
|
|
|c 33232
|
| 999 |
|
|
|c 33232
|
| 999 |
|
|
|c 33232
|
| 245 |
0 |
4 |
|a শিশু বিশ্বকোষ :
|b য থেকে হ, পঞ্চম খন্ড
|
| 260 |
|
|
|a ঢাকা :
|b বাংলাদেশ শিশু একাডেমী,
|c ১৯৯৭.
|
| 300 |
|
|
|a ৪৫১ পৃ. :
|b চিত্র, ম্যাপ ;
|c ২৫ সে. মি.
|
| 500 |
|
|
|a Includes index.
|
| 541 |
|
|
|e 10657
|
| 650 |
|
0 |
|a Children's encyclopedias
|9 6600
|
| 710 |
|
|
|a বাংলাদেশ শিশু একাডেমী
|9 6601
|
| 942 |
|
|
|2 ddc
|c BK
|
| 952 |
|
|
|0 0
|1 0
|2 ddc
|4 0
|6 030_000000000000000_SHI
|7 0
|9 44524
|a BRACUL
|b BRACUL
|c GEN
|d 2014-12-22
|l 0
|o 030 SHI
|p 3010010657
|r 2014-12-22
|t 1
|w 2014-12-22
|y BK
|